Statistics for Top 20 Rappers in Their 20's 2016

Click here to take the quiz!

General Stats

  • This quiz has been taken 454 times
  • The average score is 6 of 20

Answer Stats

# Rapper % Correct
2Drake
78%
1Kendrick Lamar
68%
19Lil Uzi Vert
53%
3Chance the Rapper
44%
14Travis Scott
41%
9A$AP Rocky
34%
10Big Sean
32%
4Young Thug
31%
16A$AP Ferg
24%
18Tyler, The Creator
23%
8Meek Mill
22%
20Joey Bada$$
22%
6Schoolboy Q
20%
11Earl Sweatshirt
17%
13Mac Miller
16%
5Vince Staples
14%
7YG
14%
15Swae Lee
13%
12Noname
5%
17Kamaiyah
4%

Score Distribution

Percentile by Number Answered

Percent of People with Each Score

Your Score History

You have not taken this quiz